[Event "IECC KO email"]
[Site "IECC email"]
[Date "2003.05.20"]
[Round "?"]
[White "Kamarul, Muhammad"]
[Black "Filgueira, Horacio"]
[Result "1-0"]
[WhiteElo "1616"]
[BlackElo "1470"]
[PlyCount "49"]
[EventDate "2003.??.??"]
[EventType "tourn (corr)"]
[EventRounds "6"]
[SourceTitle "Corr 2008"]
[Source "ChessBase"]
[SourceDate "2008.06.24"]
[SourceVersion "1"]
[SourceVersionDate "2008.06.24"]
[SourceQuality "1"]

1. d4 Nf6 2. Nf3 d5 3. e3 c5 4. Be2 Nc6 5. 0-0 Bf5 6. c3 e6 7. Nh4 Bg6 8. Nxg6 hxg6 9. Nd2 Bd6 10. Nf3 Ne4 11. h3 c4 12. b3 Nxc3 13. Qc2 Nxe2+ 14. Qxe2 g5 15. g4 b5 16. e4 Rxh3 17. exd5 Rxf3 18. Qxf3 Nxd4 19. Qe4 Bc5 20. dxe6 Rb8 21. exf7+ Kxf7 22. Bb2 Rb6 23. Rad1 c3 24. Bxc3 Re6 25. Rxd4 1-0

[Event "IECC CL4-2000.15"]
[Site "IECC email"]
[Date "2000.02.24"]
[Round "?"]
[White "Gustafsson, Lars"]
[Black "Kamarul, Muhammad"]
[Result "1/2-1/2"]
[WhiteElo "1704"]
[BlackElo "1648"]
[PlyCount "84"]
[EventDate "2000.??.??"]
[EventType "tourn (corr)"]
[EventRounds "4"]
[SourceTitle "Corr 2008"]
[Source "ChessBase"]
[SourceDate "2008.06.24"]
[SourceVersion "1"]
[SourceVersionDate "2008.06.24"]
[SourceQuality "1"]

1. d4 Nf6 2. c4 e5 3. dxe5 Ng4 4. Nf3 Bc5 5. e3 Nc6 6. Be2 Ngxe5 7. Nxe5 Nxe5 8. 0-0 0-0 9. Nd2 d6 10. Nf3 Re8 11. Bd2 Bg4 12. Bc3 a5 13. Nxe5 Bxe2 14. Qxe2 dxe5 15. Rfd1 Qe7 16. Rd2 b6 17. Rad1 Bd6 18. h3 Qh4 19. e4 Re6 20. a3 Rg6 21. Kh1 h5 22. Rd5 Re8 23. b4 axb4 24. axb4 Qg5 25. f3 Ree6 26. c5 bxc5 27. bxc5 Be7 28. Bd4 h4 29. Be3 Qh5 30. Rd7 c6 31. Rb1 Bg5 32. Rb8+ Kh7 33. Rxf7 Rgf6 34. Ra7 Bxe3 35. Qxe3 Rf4 36. Qb3 Rff6 37. Rbb7 Qg5 38. Rxg7+ Qxg7 39. Rxg7+ Kxg7 40. Qb7+ Rf7 41. Qc8 Rff6 42. Qd7+ Kg6 1/2-1/2

[Event "IECC CL4-2000.05"]
[Site "IECC email"]
[Date "1999.11.29"]
[Round "?"]
[White "Kamarul, Muhammad"]
[Black "Marcotulli, Giancarlo"]
[Result "0-1"]
[WhiteElo "1737"]
[BlackElo "1658"]
[PlyCount "82"]
[EventDate "2000.??.??"]
[EventType "tourn (corr)"]
[EventRounds "4"]
[SourceTitle "Corr 2008"]
[Source "ChessBase"]
[SourceDate "2008.06.24"]
[SourceVersion "1"]
[SourceVersionDate "2008.06.24"]
[SourceQuality "1"]

1. d4 Nf6 2. Nf3 g6 3. Nc3 d5 4. Bg5 Nbd7 5. e3 Bg7 6. Be2 0-0 7. h4 c6 8. Nb1 Ne4 9. Bf4 Qb6 10. Qc1 f6 11. c3 e5 12. Bh2 exd4 13. cxd4 f5 14. Nc3 Ndf6 15. 0-0 Ng4 16. Bf4 Qd8 17. g3 Re8 18. Nxe4 fxe4 19. Nh2 Nxh2 20. Kxh2 h6 21. Kg2 g5 22. hxg5 hxg5 23. Be5 Bxe5 24. dxe5 Rxe5 25. Qc3 Qf6 26. Rh1 Be6 27. Rh2 Rf8 28. Rf1 b6 29. Qe1 c5 30. Rfh1 d4 31. Rh6 Qg7 32. exd4 cxd4 33. Qb4 Rf6 34. Qxd4 Ref5 35. R6h2 Rxf2+ 36. Qxf2 Rxf2+ 37. Kxf2 Qd4+ 38. Ke1 Qxb2 39. Rh8+ Qxh8 40. Rxh8+ Kxh8 41. Kf2 Bxa2 0-1

[Event "IECC CL3-1999.15"]
[Site "IECC email"]
[Date "1999.03.02"]
[Round "?"]
[White "Kamarul, Muhammad"]
[Black "Charnley, Bernard J"]
[Result "0-1"]
[WhiteElo "1775"]
[BlackElo "1925"]
[PlyCount "44"]
[EventDate "1999.??.??"]
[EventType "tourn (corr)"]
[EventRounds "4"]
[SourceTitle "Corr 2008"]
[Source "ChessBase"]
[SourceDate "2008.06.24"]
[SourceVersion "1"]
[SourceVersionDate "2008.06.24"]
[SourceQuality "1"]

1. c4 g6 2. Nf3 Bg7 3. Nc3 d6 4. d4 Nd7 5. Bg5 Ngf6 6. e3 0-0 7. Bd3 h6 8. Bh4 c6 9. Qc2 e5 10. 0-0 g5 11. Bg3 Nh5 12. Rad1 Nxg3 13. hxg3 Qe7 14. Rfe1 Nb6 15. b3 f5 16. e4 f4 17. c5 dxc5 18. Nd5 cxd5 19. exd5 cxd4 20. Nxd4 fxg3 21. fxg3 Bg4 22. Nf5 Qf6 0-1